LEGO Ninjago: Ninja by Color - Statistics

General Stats
  • This quiz has been taken 50 times
  • The average score is 11 of 14
Answer Stats
Picture Answer % Correct
Green Ninja
95%
Brown Ninja
93%
Red Ninja
93%
Black Ninja
90%
Golden Ninja
90%
Purple Ninja
90%
White Ninja
90%
Blue Ninja
88%
Pink Ninja
88%
Yellow Ninja
83%
Orange Ninja
80%
Titanium Ninja
50%
Teal Ninja
40%
Fuchsia Ninja
10%
No matching quizzes found
Score Distribution
Percent of People with Each Score
Percentile by Number Answered
Your Score History
You have not taken this quiz